000
00315nam a22001337a 4500
008
170131b xxu||||| |||| 00| 0 eng d
020
_a
9780801672606
041
_a
eng
080
_2
5TH
_a
61
100
_a
3
101
_a
SHM
245
_a
TECHNIQUES IN BEDSIDE HEMODYNAMIC MONITORING
_c
DAILY, E.K
942
_2
udc
_c
BK
999
_c
4164
_d
4164